00916nam a2200289 i 450000100060000000300040000600500170001000800390002702000160006604000420008204600090012408000080013308000150014108000100015624500890016625000130025526000320026830000210030049000350032165500260035665000210038265000310040370000430043471000160047783000350049385600980052835779BPK20191104142007.0991010s1999 pl f |000 0 pol a8386218967  cKOSZ 005/HRaKOSZ 005/HRdKOSZ 005/HR k1999 a657 a658.14/.17 a(076)00aRachunkowość finansowa.nCz.2,pZbiór zadań /cMaria Gmytrasiewicz [et al.]. a[Wyd.2]. aWarszawa :b"Difin",c1999. a251 s. ;c24 cm.1 aVademecum Rachunkowości ;v2 4aĆwiczenia i zadania 4aRachunkowość 4aFinanse przedsiębiorstwa1 aGmytrasiewicz, Mariad(1940- ).eAutor2 aDifin4pbl. 0aVademecum Rachunkowości,v2. uhttp://koha.tu.koszalin.pl/cgi-bin/koha/opac-detail.pl?biblionumber=35779yKatalog online BPK